003520000a220009700045001000019000002450077000193000051000966500021001477000029001687730057001971 aChaux, Enrique10aLatinoamérica en la prueba mundial de educación cívica y ciudadana anúm.38 (Dic., 2008 - Ene., 2009), P. 37 - 4014aEDUCACION CIVICA1 aMejía, José Fernando0 tRevista internacional magisterio : educación y ped